Normal view
MARC view
Entry Personal Name
001 - CONTROL NUMBER
- control field: 168759
003 - CONTROL NUMBER IDENTIFIER
- control field: OSt
005 - DATE AND TIME OF LATEST TRANSACTION
- control field: 20220923225614.0
008 - FIXED-LENGTH DATA ELEMENTS
- fixed length control field: 220923|| aca||aabn | a|a d
040 ## - CATALOGING SOURCE
- Original cataloging agency: OSt
- Transcribing agency: OSt
100 ## - HEADING--PERSONAL NAME
- Personal name: Fੋਲੋ॥ੋਵ, ਮਿFੇਲ
670 ## - SOURCE DATA FOUND
- Source citation: Work cat.: (OSt)379404: Fੋਲੋ॥ੋਵ, ਮਿFੇਲ, ਨਵੀ੍ਵ ਧਰਤੀ ਨਵੇ੍ਵ ਸਿਆੜ, 1965
